| 000 | 00669nam a2200181Ia 4500 | ||
|---|---|---|---|
| 003 | GCL | ||
| 008 | 140319s9999 xx 000 0 ara d | ||
| 040 |
_aGCL / _cGCL |
||
| 082 | 0 | 4 |
_a158.2 _bم م |
| 100 | 1 | _aمجدى احمد محمد عبدالله | |
| 245 | 1 | 0 |
_aالمزاج الواقعى \ المثالى بعلاقته ببعض متغيرات الشخصية: دراسة عملية / _cمجدى احمد محمد عبدالله |
| 260 |
_a[S.N] : _bلجنة الاعلام والدراسات المستقبلية ، _c1990 |
||
| 300 | _a136 ص | ||
| 490 | _a | ||
| 650 | 0 | 4 | _aالشخصية |
| 650 | 0 | 4 | _aعلم النفس التطبيقى |
| 942 |
_2ddc _cBK |
||
| 999 |
_c51227 _d51227 |
||